تخطي إلى المحتوى

Лексикология: лексическое значение методическое пособие

Издание ориентировано на самостоятельную работу студентов по развитию навыков устной речи. Включает теоретический материал на русском языке по теме «Лексическое значение слова» курса «Лексикология английского языка», упражнения, тест и список рекомендуемой литературы. Адресовано студентам 3-го курса...

وصف كامل

محفوظ في:
التفاصيل البيبلوغرافية
المؤلف الرئيسي: Крючкова Л. А.
التنسيق: Книга
اللغة:Russian
منشور في: Пермь ПГГПУ 2016
الوصول للمادة أونلاين:https://e.lanbook.com/book/129521
https://e.lanbook.com/img/cover/book/129521.jpg
الوسوم: إضافة وسم
لا توجد وسوم, كن أول من يضع وسما على هذه التسجيلة!
LEADER 02111nam0a2200253 i 4500
001 129521
003 RuSpLAN
005 20221220174036.0
008 221220s2016 ru gs 000 0 rus
040 |a RuSpLAN 
041 0 |a rus 
044 |a ru 
080 |a 811.111 
084 |a Ш 143.21  |2 rubbk 
245 0 0 |a Лексикология: лексическое значение  |b методическое пособие  |c Крючкова Л. А. 
260 |a Пермь  |b ПГГПУ  |c 2016 
300 |a 95 с. 
504 |a Библиогр.: доступна в карточке книги, на сайте ЭБС Лань 
520 8 |a Издание ориентировано на самостоятельную работу студентов по развитию навыков устной речи. Включает теоретический материал на русском языке по теме «Лексическое значение слова» курса «Лексикология английского языка», упражнения, тест и список рекомендуемой литературы. Адресовано студентам 3-го курса факультета иностранных языков, обучающимся по направлению подготовки 44.03.01 – «Педагогическое образование», профиль подготовки – «Иностранный язык», квалификация выпускника – бакалавр и направлению подготовки 45.03.02 – «Лингвистика», профиль подготовки – «Перевод и переводоведение», квалификация выпускника – бакалавр. 
521 8 |a Книга из коллекции ПГГПУ - Языкознание и литературоведение 
100 1 |a Крючкова Л. А. 
856 4 |u https://e.lanbook.com/book/129521 
856 4 8 |u https://e.lanbook.com/img/cover/book/129521.jpg 
953 |a https://e.lanbook.com/img/cover/book/129521.jpg